| 000 | 00377pab a2200145 454500 | ||
|---|---|---|---|
| 008 | 180718b1986 xxu||||| |||| 00| 0 eng d | ||
| 100 | _aDholakia, Raavindra H. | ||
| 245 | _aCan project appraisal be linked with growth rate in the economy? | ||
| 260 | _c1986 | ||
| 300 | _a141-8 | ||
| 362 | _aApr.-Jun. | ||
| 650 | _aProject Management | ||
| 773 | _aVikalpa | ||
| 909 | _a16201 | ||
| 999 |
_c16201 _d16201 |
||